[Event "Shanghai Masters"]
[Site "Shanghai"]
[Date "2010.09.04"]
[Round "2"]
[White "Wang, Hao"]
[Black "Kramnik, Vladimir"]
[Result "1/2-1/2"]
[WhiteElo "2724"]
[BlackElo "2790"]
[Annotator "CB"]
[PlyCount "94"]
[EventDate "2010.09.03"]
[EventType "tourn"]
[EventRounds "6"]
[EventCountry "CHN"]
[EventCategory "21"]
[SourceTitle "CBM 138"]
[Source "ChessBase"]
[SourceDate "2010.09.17"]
[SourceVersion "1"]
[SourceVersionDate "2010.09.17"]
[SourceQuality "1"]

1. d4 Nf6 2. c4 e6 3. Nc3 Bb4 4. Qc2 O-O 5. a3 Bxc3+ 6. Qxc3 d5 7. Bg5 dxc4 8.
Qxc4 b6 9. Rd1 Ba6 10. Qa4 Qd7 $146 {This novelty by Kramnik, is his suggested
improvement over Ponomariov-Mamedyarov, (Dortmund, 2010) where Qd5 was played.}
11. Qc2 Qc6 $5 {A fascinating idea. Although it seems an attempt to quickly
draw by offering to exchange queens once again, that is not Black's plan at
all. Black saw that after the queen swap he would be able to play Rc8 and c5
before his opponent could do anything and achieve good play.} 12. Qxc6 Nxc6 13.
Bxf6 gxf6 14. Nf3 Bb7 15. e3 Ne7 16. Rc1 Rfc8 17. Bd3 c5 18. dxc5 bxc5 {
#Black got what he had played for, but how does he stand? c5 duly prevents a
piece from entering d4, and he has firm control over d5 as well. On the other
hand, he has four pawn islands to White's two, and White can use the c4 square
as pivotal point for his minor pieces, with Ne2-c4 plans for example.} 19. Ke2
({If White was to try and reposition the knight to c4, he had to do so now with
} 19. Nd2 {as Kramnik won't be giving him a second chance.}) 19... Rab8 20. Rc2
c4 21. Rxc4 Bxf3+ 22. Kxf3 Rxc4 23. Bxc4 Rxb2 24. Rc1 {The position is now
quite equal.} f5 25. g3 Kg7 26. a4 Ng8 27. h3 Nf6 28. Bd3 Ra2 29. Bc2 h5 30.
Kg2 a5 31. Bb3 Rb2 32. Bd1 Kg6 33. Bf3 Rb4 34. Bc6 Ne4 35. h4 Nf6 36. Rc2 Ng4
37. Kf1 e5 38. Bd7 Nf6 39. Bb5 Ne4 40. Kg2 Rb3 41. Bc6 Nc3 42. Rd2 Rb6 43. Be8
Ne4 44. Rc2 Rb3 45. Bc6 Rb4 46. Bb5 Rb3 47. Bc6 Rb4 1/2-1/2

[Event "Jermuk FIDE GP (Women)"]
[Site "Jermuk"]
[Date "2010.06.29"]
[Round "6"]
[White "Mkrtchian, Lilit"]
[Black "Chiburdanidze, Maia"]
[Result "1-0"]
[WhiteElo "2477"]
[BlackElo "2514"]
[Annotator "CB"]
[PlyCount "71"]
[EventDate "2010.06.24"]
[EventType "tourn"]
[EventRounds "11"]
[EventCountry "ARM"]
[EventCategory "10"]
[SourceTitle "CBM 137 Extra"]
[Source "ChessBase"]
[SourceDate "2010.09.01"]
[SourceVersion "1"]
[SourceVersionDate "2010.09.01"]
[SourceQuality "1"]

1. d4 Nf6 2. c4 e6 3. Nc3 Bb4 4. Qc2 O-O 5. a3 Bxc3+ 6. Qxc3 d5 7. Bg5 dxc4 ({
Alternativen sind} 7... c5 8. dxc5 d4 9. Qc2 e5 10. Nf3 Re8 11. e3 h6 12. Bxf6
Qxf6 13. Bd3 Nd7 14. O-O Nxc5 15. exd4 exd4 16. b4 Nxd3 17. Qxd3 Rd8 18. Qe4
Bf5 19. Qxb7 Rab8 20. Qxa7 Be4 21. Nd2 Bxg2 22. Kxg2 Qg5+ 23. Kh1 Qxd2 24. c5
Qf4 25. f3 Re8 26. Qa6 d3 27. Rad1 Re2 28. Qd6 Qxd6 {1/2-1/2 Morozevich,A 
(2771)-Anand,V (2791)/Nice 2009/CBM 129 Extra}) ({oder} 7... Nbd7 8. e3 c5 9.
cxd5 cxd4 10. Qxd4 Qa5+ 11. b4 Qxd5 12. Nf3 h6 13. Bh4 b6 14. Bc4 Qxd4 15. Nxd4
Bb7 16. O-O Rfc8 17. Rfc1 Ne4 18. f3 Nd6 19. Be2 a5 20. Bg3 e5 21. Nb5 Nf5 22.
Bf2 axb4 23. axb4 Rxa1 24. Rxa1 Ra8 25. Rxa8+ Bxa8 26. e4 Ne7 27. Nd6 Kf8 28.
b5 Ng6 29. g3 Ke7 30. Nc8+ Kd8 31. Nxb6 Nxb6 32. Bxb6+ Kd7 33. Bc4 f6 34. Bc5
Ne7 35. Bxe7 Kxe7 36. Bd5 Bxd5 37. exd5 {1-0 Gurevich,D (2540)-Jussupow,A 
(2630)/Dordrecht 1998/EXT 2002}) 8. Qxc4 b6 9. Rd1 ({Üblich ist} 9. Nf3 {z.B.:}
Ba6 10. Qa4 c5 11. dxc5 bxc5 12. Rd1 Qb6 13. Bxf6 gxf6 14. Rd2 Nc6 15. Qg4+ Kh8
16. Qh4 Kg7 17. Qg4+ Kh8 18. Qh4 Kg7 19. Qg4+ {1/2-1/2 Carlsen,M (2772)
-Kramnik,V (2759)/Dortmund 2009/CBM 131}) 9... Ba6 10. Qc2 Nbd7 11. e4 Bxf1 12.
Kxf1 Qc8 13. Qc6 e5 14. Ne2 (14. Bxf6 Nxf6 15. dxe5 Ng4 16. Nf3 Qa6+ 17. Kg1
Rae8 $11) 14... exd4 15. Nxd4 (15. Bxf6 Nxf6 16. f3 Nd7 17. Nxd4 Ne5 18. Qc3
Rd8 19. Kf2 c5 $11) 15... Ne5 16. Qc2 Qa6+ 17. Kg1 Rad8 18. f3 c5 19. Nf5 Qc4
20. Qb1 Rd3 21. Rf1 $6 (21. Rxd3 Nxd3 22. Bxf6 gxf6 23. Qd1 Rd8 24. h4 $11)
21... Rb3 22. Bxf6 gxf6 23. Qe1 (23. Rf2 $5) 23... Rxb2 24. Qg3+ Ng6 25. h4 h5
$17 26. Rd1 Kh7 27. Kh2 Rg8 28. Ne3 Qe6 29. Rd5 Ne5 30. Qf4 {Weiß denkt an
Matt auf h6.} c4 $2 ({Beide übersehen} 30... Rf2 $1 31. Z0 Nxf3+ $19) 31. Rg1 {
Um den Se3 ziehen zu können.} c3 $2 (31... Rg6 $17) 32. Rc1 $2 (32. Nc4 $1 Rf2
33. Nxe5 fxe5 34. Rxe5 Qh6 35. Qxf7+ Rg7 36. Qf5+ Qg6 37. Qxh5+ Qxh5 38. Rxh5+
$14) (32. Nf5 Rg6 $19) 32... Rb3 $2 {Zieht den Turm in eine Gabel.} (32... Rf2
$19) 33. Nf5 $18 Rg6 34. Nd4 Qxd5 (34... Qc8 35. Nxb3 $18) 35. exd5 Nd3 36. Qc7
1-0

[Event "Moscow Nutcracker"]
[Site "Moscow"]
[Date "2014.12.21"]
[Round "2.3"]
[White "Morozevich, Alexander"]
[Black "Fedoseev, Vladimir"]
[Result "1-0"]
[WhiteElo "2712"]
[BlackElo "2661"]
[Annotator "CB"]
[PlyCount "77"]
[EventDate "2014.12.20"]
[EventType "schev"]
[EventRounds "4"]
[EventCountry "RUS"]
[SourceTitle "CBM 164"]
[Source "ChessBase"]
[SourceDate "2015.01.15"]
[SourceVersion "1"]
[SourceVersionDate "2015.01.15"]
[SourceQuality "1"]
[WhiteTeam "Kings"]
[BlackTeam "Princes"]
[BlackTeamCountry "RUS"]

1. d4 Nf6 2. c4 e6 3. Nc3 Bb4 4. Qc2 d5 5. a3 Bxc3+ 6. Qxc3 dxc4 7. Qxc4 b6 8.
Bf4 Ba6 9. Qxc7 Qxc7 10. Bxc7 O-O 11. Bxb8 {Dieser freiwillige Tausch des
Läufers gegen den Springer scheint eine Neuerung zu sein.} Raxb8 12. f3 Nd5
13. Kd2 f5 14. e3 Bxf1 15. Rxf1 e5 $5 {Schwarz hat einen Bauern weniger, aber
Entwicklungsvorsprung. Mit 15...e5 gibt er einen zweiten Bauern, um die
Stellung zu öffnen und seinen Türmen Möglichkeiten zu geben.} 16. dxe5 Rfd8
17. Ke2 Rbc8 18. Rd1 Rc2+ 19. Ke1 {Weiß hat zwar alle seine Figuren auf der
Grundreihe, aber droht trotzdem vernichtend 20.e4.} Rd7 ({Nicht energisch
genug. Besser war das kaltblütige} 19... Kf7 {Nach} 20. e4 Ne3 21. Rxd8 Nxg2+
22. Kf1 Ne3+ {hätte die Partie mit Remis durch Dauerschach enden können.
Weicht Weiß dem Dauerschach aus, so hat Schwarz ausreichend Kompensation für
die zwei Minusbauern.}) 20. Ne2 Rxb2 21. Ng3 f4 22. exf4 Kf7 23. f5 {Weiß hat
immer noch zwei Bauern mehr, und obwohl sein König vom schwarzen Turm b2
abgeklemmt wird, stellen die weißen Bauern auf f5 und e5 Drohungen auf.} Ke7
24. Rd2 Rxd2 25. Kxd2 g6 ({Einen wirklich gefährlichen Abzug hat Schwarz
nicht. Nach} 25... Nf4+ 26. Ke3 Nxg2+ 27. Ke4 {ist der weiße König
plötzlich aktiv geworden.}) 26. Rc1 gxf5 27. Rc6 f4 ({Nach} 27... Nb4+ 28. Rd6
Rxd6+ 29. exd6+ {nimmt Weiß mit Schach.}) 28. Nf5+ Kd8 29. Rd6 {Weiß
erzwingt den Übergang in ein Springerendspiel mit Mehrbauern.} Rxd6 30. Nxd6
Kd7 31. Kd3 Ke6 32. Ke4 Nc3+ 33. Kxf4 b5 34. Nb7 Nb1 35. Ke4 Nxa3 36. f4 b4 37.
f5+ Ke7 38. f6+ Kf8 39. Nd6 1-0

[Event "Francophone-ch 3rd"]
[Site "Montreal"]
[Date "2015.07.21"]
[Round "5"]
[White "Hambleton, Aman"]
[Black "Edouard, Romain"]
[Result "0-1"]
[WhiteElo "2445"]
[BlackElo "2639"]
[Annotator "Edouard,R"]
[PlyCount "92"]
[EventDate "2015.07.17"]
[EventType "swiss"]
[EventRounds "9"]
[EventCountry "CAN"]
[SourceTitle "CBM 168"]
[Source "ChessBase"]
[SourceDate "2015.09.14"]
[SourceVersion "1"]
[SourceVersionDate "2015.09.14"]
[SourceQuality "1"]

1. d4 Nf6 2. c4 e6 3. Nc3 Bb4 4. Qc2 d5 5. a3 Bxc3+ 6. Qxc3 c5 7. dxc5 d4 8.
Qg3 Nc6 9. Qxg7 ({A very critical game happened in the French league a couple
of months before mine:} 9. b4 e5 10. Qxg7 Rg8 11. Qh6 Be6 12. Bg5 Rg6 13. Qh4
a5 14. b5 Nb4 15. Rc1 (15. axb4 axb4 {followed by ...b3 is very dangerous for
White.}) 15... Na2 16. Rc2 Nc3 17. Nf3 Bf5 18. Rc1 Qe7 19. Bxf6 Rxf6 20. Qg3
Re6 (20... Qxc5 $5 21. Qxe5+ Qxe5 22. Nxe5 Rc8 {could be a better defence.})
21. Qg8+ Qf8 22. Qxf8+ Kxf8 23. g3 (23. Nh4 $5 {may pose problems.}) 23... Re7
24. Nh4 Be6 $13 {1/2-1/2 (50) Michiels,B (2536)-Ipatov,A (2612) Montpellier
FRA 2015}) 9... Rg8 10. Qh6 e5 11. g3 $146 (11. f3 $6 Na5 12. Bg5 $6 Rg6 13.
Qh4 Nxc4 14. O-O-O $6 h6 $17 {0-1 (25) Balla,T (2378)-Parligras,M (2625)
Brasov ROU 2011}) (11. b4 {would be critical and transpose into 9.b4.}) 11...
Rg6 $6 (11... Na5 {was the logical way to play:} 12. b4 (12. Bg5 $6 Rg6 13.
Bxf6 Qxf6 14. Qxh7 Bf5 $132) 12... Rg6 ({I only saw} 12... Nb3 13. Rb1 Rg6 14.
Qh4 Rg4 $11) 13. Qh4 (13. Qd2 Nb3 14. Qa2 Nxa1 15. Qxa1 a5 $13) 13... Nxc4 $5 (
13... Rg4 $11) 14. Bg2 a5 $13) 12. Qd2 $8 (12. Qh4 d3 $1 {followed by ...Nd4
would be terribly dangerous for White.}) 12... Ne4 13. Qd1 $1 (13. Qc2 Bf5 (
13... Nxc5 $5 14. b4 d3 15. exd3 Nd4 $44) 14. Bh3 Qf6 15. Bxf5 Qxf5 16. Nf3
Nxg3 17. Qxf5 Nxf5 $13) 13... Nxc5 $2 {A very bad move order.} (13... a5 {
was necessary.}) 14. Bg2 ({After} 14. b4 Ne4 {I was somehow delighted to bring
my knight to c3 but after} 15. Bg2 Nc3 16. Qc2 Qf6 17. Bb2 Bf5 18. e4 {I could
basically just resign!}) 14... a5 15. Nf3 e4 $6 {This logical move just helps
White a lot.} (15... a4 {was way better.}) 16. Nd2 $1 (16. Nh4 $6 Rg4 {with
the idea of saccing a rook on h4 looked nice for Black to me, although the
engine might disagree.}) 16... Bf5 17. O-O a4 $6 {Any move would be better
than this one, although White is probably clearly better anyhow.} (17... Qb6
18. Rb1 $1 {with the idea b4 would pose problems:} e3 19. fxe3 Bxb1 20. Nxb1 {
being just bad for Black.}) 18. b4 axb3 19. Nxb3 Na4 20. Bd2 Qd7 (20... Kf8 {
to at least hide the king was required.}) 21. Bb4 Rd8 22. Nc5 {Not a bad move,
but making Black's play a bit easier.} (22. Qc2 {was worrying me a lot. The
engine claims I could stay in the game playing} e3 23. Qc1 Nxb4 24. axb4 Nc3
25. Qe1 Bg4 $1 26. fxe3 Nxe2+ 27. Kh1 d3 {but the position is just very bad
anyway.}) (22. e3 d3 23. Nd2 Nxb4 24. axb4 Nc3 25. Qh5 {would also be very
strong.}) 22... Nxc5 23. Bxc5 Qe6 24. Qa4 Bh3 25. f4 $1 Qf5 (25... Bxg2 $2 26.
f5 $18) 26. Bb6 Bxg2 27. Kxg2 Rh6 28. Kg1 Rd7 29. Qb5 $2 (29. Qa8+ {with the
idea} Ke7 $2 30. Rab1 $1 e3 31. Rb5 Qh3 32. Bc5+ Kf6 33. Qh8+ {would pose big
problems. Fortunately for me my opponent was in time trouble and did not have
time to calculate these things.}) 29... Qh3 30. Rf2 Rh5 {All of a sudden my
position is playable.} 31. Qa4 Kf8 32. Rd1 Qg4 33. Qc2 Qg6 34. Qb2 Kg8 35. Rg2
Rh3 36. a4 h5 $6 {An optimistic move I could hardly play if White had time on
the clock!} 37. e3 $2 {There was no reason to play this move.} ({After} 37. a5
{with the idea Qb5, a6 White is still much better. In fact making ...h4 work
is nearly impossible.}) 37... d3 38. Qf2 Ne7 39. a5 Nf5 40. Qe1 Kh7 41. Qb4 $2
{A losing move in a difficult position.} h4 42. Qb5 (42. gxh4 Qh5 43. Rdd2 Nxh4
44. Qf8 Nxg2 45. Rxg2 Qd1+ $19) 42... hxg3 43. Qxd7 gxh2+ 44. Kh1 Ng3+ 45. Rxg3
Rxg3 46. Kxh2 Rg4 0-1

[Event "RUS-ch Superfinal 60th"]
[Site "Moscow"]
[Date "2007.12.29"]
[Round "10"]
[White "Dreev, Alexey"]
[Black "Sakaev, Konstantin"]
[Result "0-1"]
[WhiteElo "2607"]
[BlackElo "2634"]
[Annotator "Ftacnik,L"]
[PlyCount "90"]
[EventDate "2007.12.18"]
[EventType "tourn"]
[EventRounds "11"]
[EventCountry "RUS"]
[EventCategory "17"]
[SourceTitle "CBM 122"]
[Source "ChessBase"]
[SourceDate "2008.01.30"]
[SourceVersion "1"]
[SourceVersionDate "2008.01.30"]
[SourceQuality "1"]

1. d4 Nf6 2. c4 e6 3. Nc3 Bb4 4. Qc2 d5 5. a3 Bxc3+ 6. Qxc3 c5 {Modern chess
often becomes more and more daring. The players make attempts to punish their
opponent for the smallest of sins. Black has given up the dark squared bishop,
but seemingly gained a small advantage in development.} 7. dxc5 d4 8. Qg3 (8.
Qc2) 8... Nc6 (8... O-O 9. Bh6 Ne8 10. e3 (10. h4 Nd7 11. h5 Qc7 12. Rh3 f5 13.
Qxc7 Nxc7 14. Bg5 e5 15. Be7 Re8 16. Bd6 Ne6 17. Rd1 Nexc5 18. f4 exf4 19. Nf3
d3 {1-0 Morozevich,A (2755)-Akopian,V (2713)/Crete 2007 (40)}) 10... Nc6 11.
O-O-O Qc7 12. Qxc7 Nxc7 13. Bf4 e5 14. Bg3 dxe3 15. fxe3 a5 16. Ne2 Ne6 17. Rd5
f6 18. Nc3 a4 19. Ne4 Ne7 20. Rd1 (20. Rd6 Nf5 21. Rd3 Nxg3 22. hxg3 f5 23. Nc3
Nxc5 24. Rd5 b6 25. Rxe5 Bb7 26. Nd5 Rae8 $11 {1-0 Gurevich,M (2633)-Gasanov,E
(2498)/Istanbul 2007 (46)}) 20... Nc6 21. Rd5 Ne7 22. Rd1 Nc6 23. Rd5 {1/2
Gelfand,B (2733)-Ponomariov,R (2703)/Moscow 2006}) 9. Nf3 e5 (9... O-O 10. Bh6
Ne8 11. O-O-O (11. h4 e5 12. h5 f5 13. e3 Qa5+ 14. Nd2 Kh8 15. Bg5 h6 16. Bh4
f4 17. exf4 exf4 18. Qf3 Bf5 19. O-O-O Nc7 20. Ne4 Na6 21. Nd6 Bh7 22. g4 Nxc5
{0-1 Gasanov,E (2503)-Miroshnichenko,E (2651)/Kharkov 2007 (27)}) 11... f6 12.
Bd2 b6 13. e3 bxc5 14. exd4 cxd4 15. Bd3 Qb6 16. Qh4 g6 17. b4 a5 18. b5 Qc5
19. Bh6 Qxa3+ 20. Kd2 Nb4 21. Qxd4 Qa2+ 22. Ke3 {1-0 Khismatullin,D (2584)
-Yemelin,V (2520)/Sochi 2006 (34)}) 10. b4 {This novelty by Dreev is an
admission that the shockingly provocative play by Black is well founded. The
complications after the straightforward 10.Nxe5 confirm Black's resilience.} (
10. Nxe5 Qa5+ 11. Kd1 Ne4 (11... Nxe5 12. Qxe5+ Be6 13. Bd2 Qa4+ 14. Ke1 Rd8
15. c6 Qxc6 16. Qb5 Bxc4 17. Qxc6+ bxc6 18. Rc1 Bb5 19. Bb4 Kd7 20. Bc5 {
1/2 Carlsen,M (2714)-Naiditsch,A (2639)/Khanty Mansiysk 2007 (70)}) 12. Qxg7 (
12. Qf4 Qa4+ 13. Ke1 Qa5+ 14. b4 Nxb4 15. axb4 Qxa1 16. Qxf7+ Kd8 17. Qd5+ Kc7
18. Qf7+ Kb8 19. Nd3 Qc3+ 20. Kd1 Qb3+ $11) 12... Nxf2+ 13. Kc2 Bf5+ 14. Kb3
O-O-O 15. Qf6 Be6 16. Nxc6 Qxc5 $5 (16... Qb5+ 17. Kc2 Qxc4+ 18. Kb1 Qxc5 19.
Qxf2 Bf5+ 20. Ka2 Be6+ $11) 17. e4 b5 18. Ka2 Nxe4 19. Ne7+ Kd7 $13) 10... O-O
11. Nxe5 (11. Bg5 $5 Re8 (11... e4 12. Ne5 Nh5 13. Bxd8 Nxg3 14. Nxc6 Nxh1 15.
Ne7+ Kh8 16. Bc7 $16) 12. O-O-O Bf5 13. e3 Ne4 14. Bxd8 Nxg3 15. hxg3 Raxd8 16.
exd4 Nxd4 17. Nxd4 exd4 18. Kd2 $16) 11... Ne4 (11... Nh5 12. Nxc6 (12. Qf3
Nxe5 13. Qxh5 Re8 14. f4 Nd3+ 15. Kd2 Nf2 16. Rg1 d3 17. exd3 Bg4 18. Qd5 Qf6
$19) 12... Nxg3 13. Nxd8 Nxh1 14. g3 Rxd8 15. Bg2 Nxf2 16. Kxf2 $16 {After
winning the exchange, Black would have been left with the nearly insoluble
problem of how develop the queenside pieces in a sensible fashion.}) 12. Nxc6 (
12. Qf3 Nxe5 13. Qxe4 Nxc4 $13 14. Qc2 (14. e3 $2 Re8 15. Qc2 dxe3 16. Bxc4
exf2+ 17. Kxf2 Qd4+ 18. Kf3 Qxa1 $19) 14... Be6 $13) 12... bxc6 13. Qd3 (13.
Qf4 Re8 14. Bb2 d3 (14... g5 15. Qf3 d3 16. exd3 Ng3+ 17. Kd2 Nxh1 18. g3 $16)
15. O-O-O d2+ 16. Rxd2 Nxd2 17. Qxd2 Qh4 18. e3 $16) 13... Bf5 14. Bb2 Qg5 {
The no-nonsense attitude by White has confronted Saakev with the unpleasant
necessity of seeking compensation for the material as well as the positional
disadvantage.} (14... Nxf2 15. Qxf5 Nxh1 16. g3 Re8 17. Rd1 Qe7 18. Bxd4 Rad8
19. Qf3 $18) 15. h4 (15. Qxd4 $5 Rad8 16. Qe3 Qxe3 17. fxe3 Nd2 (17... Rd2 18.
Bd4 Rc2 19. g3) 18. Kf2 Nxc4 19. Bd4 $16) 15... Qh6 16. Bxd4 {Dreev prefers to
avoid the problems with development which would arise after the swap of the
queens on e3 in the variation with 16.Qxd4.} (16. Qxd4 Rad8 17. Qe3 Qxe3 18.
fxe3 Rd2 19. Bd4 Rc2 20. g3 Be6 21. b5 Bxc4 22. bxc6 Rc8 $14) 16... Nxf2 17.
Qxf5 Nxh1 18. Qg5 {The elimination of the queens is necessary. White's trump
will be the pawn mass on the queenside.} (18. Qh3 $2 Qf4 19. Be3 Qe5 20. Rd1
Rad8 $19) 18... Qxg5 19. hxg5 Rfe8 20. e3 (20. b5 Ng3 21. Rd1 Rad8 22. a4 $13)
20... Ng3 21. Bd3 Ne4 22. b5 Nxg5 23. Kd2 Ne4+ (23... Ne6 24. Rb1 g6 25. a4 h5
$13) 24. Bxe4 $6 {The bishop pair is of huge importance in most positions; it
was safer to wait for the exchange of c-pawns.} (24. Kc2 cxb5 25. Bxe4 (25.
cxb5 Nxc5 26. Bxc5 Rac8 $19) 25... Rxe4 26. cxb5 Rg4 27. Rg1 $11) 24... Rxe4
25. Kc3 f5 26. b6 a5 (26... Kf7 27. a4 $13) 27. Rf1 g6 28. Kb3 h5 29. Rf4 Re7
30. e4 $5 {[%mdl 4096] Dreev would love to get into the enemy position and he
is ready to take risks.} (30. Bc3 Rxe3 31. Rd4 Kh7 32. Rd6 Rc8 $13) 30... fxe4
31. Bf6 $2 {This serious inaccuracy is pushing White to the brink of a lost
position; the f6-square was destined for the rook.} (31. Rf6 $5 e3 32. Rxg6+
Kf8 (32... Kh7 33. Rxc6 e2 34. Bf2 (34. Bc3 Re3 $19) 34... Rf8 35. Be1 Rf1 36.
Bxa5 Re3+ 37. Kc2 (37. Ka4 Ra1 38. Bb4 Raxa3+ 39. Kb5 Rab3 $19) 37... e1=Q 38.
Bxe1 Rfxe1 39. Rd6 (39. b7 R1e2+ 40. Kd1 Re1+ $11) 39... Rxa3 40. Rd2 Ree3 $1 (
40... Ra2+ 41. Kd3 Rxd2+ 42. Kxd2 Rb1 43. Kc2 Rb4 44. Kc3 Rb1 45. Kd4 Kg6 46.
Kd5) 41. b7 Ra2+ 42. Kd1 Ra1+ 43. Kc2 $11) 33. Rxc6 e2 34. Bf2 e1=Q 35. Bxe1
Rxe1 36. Ka4 Rb8 $11) 31... Re6 32. Kc2 e3 33. Kd1 e2+ 34. Ke1 a4 (34... Rae8
$5 35. Rf3 Re4 36. Bg5 Rxc4 37. Re3 Rxe3 38. Bxe3 Rc3 39. Bf4 Rb3 40. Kxe2 Kf7
$19) 35. Bh4 Kg7 $2 {Sakaev is paying back his opponent with the same coin.
After the correct move 35...Rae8! White's dreams would quickly vanish into
thin air.} (35... Rae8 $1 36. Rf6 (36. Bf2 Rd8 37. Rd4 Rf8 $19) 36... Re4 37.
Bf2 Rxc4 $19) 36. Rf2 $2 (36. Bg5 $1 Re3 (36... Rae8 $2 37. Rd4 $18) 37. Rf7+
Kxf7 38. Bxe3 Rd8 39. Kxe2 Ke6 $15) 36... Rae8 37. Bg3 (37. Bg5 Re4 38. Rf3 Rg4
39. Re3 Rb8 40. Re7+ Kf8 41. Bf6 Rxg2 $19) 37... Re3 38. Rf3 Rb3 $1 {The game
is decided; Black has naturally taken the chance to relocate the rook to the
attractive square b3.} 39. Rxb3 axb3 40. Kd2 b2 41. Kc2 Re3 42. Be1 Rxa3 43.
Kxb2 Rd3 44. Kc2 Rd1 45. b7 Rd8 (45... Rd8 46. Bg3 Kf7 $19) 0-1